Bilecik Bilecik Bilecik Bilecik Bilecik

Türkçe sözlük/ (Record no. 11695)

MARC details
000 -BAŞLIK
Sabit Uzunluktaki Kontrol Alanı 01206nam a22003257a 4500
001 - KONTROL NUMARASI
Control Dosyası 0011726
003 - KONTROL NUMARASI KİMLİĞİ
Kontrol Alanı KOHA_MİRAKIL
005 - EN SON İŞLEM TARİHİ ve ZAMANI
Kontrol Alanı 20260207001827.0
007 - FİZİKSEL TANIM SABİT ALAN - GENEL BİLGİ
Sabit uzunluklu kontrol alanı ta
008 - SABİT UZUNLUKTAKİ VERİ ÖGELERİ - GENEL BİLGİ
Sabit Alan 100324b1998 tu |||grd|||#0|||1|tur |
020 ## - ISBN - ULUSLARARASI STANDART KİTAP NUMARASI
Isbn 9751600707
Kullanılabilirlik koşulları 0,01
040 ## - KATALOGLAMA KAYNAĞI
Özgün Kataloglama Kurumu TR-BiSEU
Kataloglama Dili tur
Çeviri Kurumu TR-BiSEU
Açıklama Kuralları rda
041 0# - DİL KODU
Metin ya da ses kaydının dil kodu tur
044 ## - YAYINLAYAN/ÜRETEN KURULUŞUN ÜLKE KODU
ISO country code tu
050 ## - SINIFLAMA ve YER NUMARASI
Sınıflama Numarası PL189
Yer Numarası .T87 1998
245 0# - ESER ADI BİLDİRİMİ
Başlık Türkçe sözlük/
Sorumluluk Bildirimi Türk Dil Kurumu; hazırlayanlar İsmail Parlatır, Nevzat Gözaydın, Hamza Zülfikar, Belgin Tezcan Aksu, Seyfullah Türkmen, Yaşar Yılmaz.
250 ## - BASIM BİLDİRİMİ
Basım Bildirimi 9. baskı
264 #1 - ÜRERİM, YAYIN, DAĞITIM ve TELİF BİLDİRİMİ
Yayın yeri Ankara :
Yayınlayan Türk Dil Kurumu
Yayın tarihi 1998
300 ## - FİZİKSEL TANIMLAMA
Sayfa, Cilt vb. 2 cilt ;
Boyutları 25 cm.
336 ## - İÇERİK TÜRÜ
Content type term metin
Content type code txt
Source rdacontent
337 ## - MEDYA TÜRÜ
Media type term aracısız
Media type code n
Source rdamedia
338 ## - TAŞIYICI TÜRÜ
Carrier type term cilt
Carrier type code nc
Source rdacarrier
490 1# - DİZİ BİLDİRİMİ
Dizi Bildirimi Türk Dil Kurumu yayınları ;
Cilt Numarası 549 Sözlük Bilim ve Uygulama Kolu yayınları Türkçe Sözlükler dizisi ;
-- 1
500 ## - GENEL NOT
Genel Not C.1, A-J-- c.2, K-Z.
650 #0 - KONU BAŞLIĞI EK GİRİŞ - KONU TERİMİ
Konusal terim veya coğrafi ad Turkish language--Dictionaries.
9 (RLIN) 15524
650 #0 - KONU BAŞLIĞI EK GİRİŞ - KONU TERİMİ
Konusal terim veya coğrafi ad Türk Dili--Sözlükler.
9 (RLIN) 18310
830 1# - SERİ EK GİRİŞİ - TEKBİÇİM ESER ADI
Tekbiçim Başlık Türk Dil Kurumu yayınları ;
Volume number/sequential designation 549 Sözlük Bilim ve Uygulama Kolu yayınları Türkçe Sözlükler dizisi ;
-- 1
9 (RLIN) 5565
907 ## - LOCAL DATA ELEMENT G, LDG (RLIN)
a Sözlük
942 ## - EK GİRİŞ ÖGELERİ (KOHA)
Source of classification or shelving scheme Library of Congress Classification
Koha item type Book
Holdings
Materyal Türü Kalıcı Konum Mevcut Konum Raf Yeri Koleksiyon Kodu Sınıflandırma Kaynağı Edinim Bilgisi Ana Konular Alt Konular Yer Numarası Cilt Bilgisi Demirbaş Numarası Fatura Tarihi Geri Çekilme Durumu Kayıp Durumu Hasarlı Durumu Kredi için değil Kayıt Tarih Toplam Ödünçverme Son Görülme Tarihi Son Kontrol Tarihi Genel / Bağış Notu
Danışma Kaynakları BŞEÜ Bozüyük MYO Kütüphanesi BŞEÜ Bozüyük MYO Kütüphanesi   Referans Library of Congress Classification Bağış DİL VE EDEBİYAT Doğu Asya, Afrika, Okyanusya Dilleri ve Edebiyatları PL189 .T87 1998 c.1 0015549 13/08/2010       Ödünç verilmez 24/03/2010   05/12/2024 05/12/2024 Genel Bağış
Danışma Kaynakları Prof. Dr. Azmi Özcan Kütüphanesi Prof. Dr. Azmi Özcan Kütüphanesi Birûni Salonu Referans Library of Congress Classification Bağış DİL VE EDEBİYAT Doğu Asya, Afrika, Okyanusya Dilleri ve Edebiyatları PL189 .T87 1998 c.2 0011726 13/08/2010       Ödünç verilmez 17/12/2009   05/12/2024 05/12/2024 Genel Bağış